[Event "Moncada Cup-F"]
[Site "Santiago de Cuba"]
[Date "2018.03.23"]
[Round "5"]
[White "Del Rosario Silva, Dexnisi"]
[Black "Alvarez Canet, Arlenis"]
[Result "1-0"]
[WhiteElo "1942"]
[BlackElo "1971"]
[PlyCount "91"]
[EventDate "2018.03.20"]
[EventType "tourn"]
[EventRounds "10"]
[EventCountry "CUB"]
[SourceTitle "EXT 2021"]
[Source "ChessBase"]
[SourceDate "2020.10.23"]
[SourceVersion "1"]
[SourceVersionDate "2020.10.23"]
[SourceQuality "1"]

1. d4 Nf6 2. Bf4 e6 3. e3 d5 4. Nd2 Nbd7 5. Bd3 c5 6. c3 Be7 7. Ngf3 0-0 8. Ne5 Nxe5 9. dxe5 Ne8 10. Qh5 f5 11. Nf3 Nc7 12. g4 Qe8 13. Qh3 Qf7 14. 0-0-0 c4 15. Bc2 b5 16. Rhg1 Kh8 17. gxf5 exf5 18. e6 Nxe6 19. Ne5 Qf6 20. Ng6+ Kg8 21. Nxf8 Nxf8 22. Rxd5 Ng6 23. Rxb5 a6 24. Rd5 Be6 25. Bg5 Qf7 26. Ra5 h6 27. Bxe7 Nxe7 28. Qxh6 g6 29. h4 Qh7 30. Qg5 Kf7 31. Rc5 Rc8 32. Rxc8 Bxc8 33. Bd1 Ke6 34. Qf4 Bb7 35. Qxc4+ Bd5 36. Qxa6+ Kf7 37. Qa4 Bc6 38. Qf4 Qh8 39. Bb3+ Bd5 40. Bxd5+ Nxd5 41. Qd4 Nf6 42. Qa7+ Ke6 43. Rxg6 Qxh4 44. Qa6+ Kd5 45. Qxf6 Qxf2 46. Qd4# 1-0